000 01048nam a2200301 i 4500
003 DO-SdBNP
005 20260506140837.0
007 ta
008 260506b2025 dr a|||| |||| 00| 0 spa d
020 _a9789945296440
040 _aDO-SdBNP
_bspa
_cBNPHU
_erda
041 _aspa
082 4 _axxx
_bxxx
_222
100 _aSánchez Useta, Silvia,
_eautor
_4aut.
_989489
245 1 0 _aDignidad y sueños /
_cSilvia Sánchez Useta ; corrección, Victoria Figueroa ; edición, Máximo Casto
264 4 _aSanto Domingo :
_bFR Multiservicios, SRL,
_c©2025.
300 _a74 páginas :
_bilustraciones ;
_c22 cm.
336 _atexto
_btxt
_2rdacontent
337 _asin mediación
_bn
_2rdamedia
338 _avolumen
_bnc
_2rdacarrier
500 _aIncluye datos biográficos del autor
500 _aEl equilibrio emocional de una mujer es un mundo diverso
590 _aInventariado, 2026/BT
700 1 _aFigueroa, Victoria,
_ecorrector
_4corr.
_989490
700 1 _aCastro, Máximo,
_eeditor
_4ed.
_987548
910 _aBtavárez
942 _2ddc
_cLBS1
999 _c60680
_d60680